00805nam a2200145Ia 4500008004100000020001800041100001600059245015400075260002200229650026000251650001200511856004400523999001900567952007300586171212s9999 xx 000 0 und d a9781921536762 aKenny, Anna cKenny, AnnaaThe Aranda’s PepabAn introduction to Carl Strehlow’s Masterpiece Die Aranda- und Loritja-Stämme in Zentral-Australien (1907-1920) bANU E Pressc2013 aAranda (Australian people) -- Social life and customs; Kukatja (Australian people) -- Social life and customs; Aranda (Australian people) -- Kinship; Kukatja (Australian people) -- Kinship; Aranda (Australian people) -- Religion; Kukatja (Australian peopl aHistory uhttp://www.jstor.org/stable/j.ctt5hgz6k c351341d351341 001040aCLbCLd2017-12-12l0r2017-12-12 00:00:00w2017-12-12yCBE